Statistics for Countries with the Most Vowels ( One word Countries only)

Click here to take the quiz!

General Stats

  • This quiz has been taken 31 times
    (7 since last reset)
  • The average score is 8 of 12

Answer Stats

First LetterAnswer# of Vowels% Correct
AAustralia5
86%
AAzerbaijan5
86%
IIndonesia5
86%
MMauritania6
71%
LLiechtenstein5
71%
VVenezuela5
71%
GGuatemala5
57%
LLithuania5
57%
MMozambique5
57%
NNicaragua5
57%
EEthiopia5
43%
MMauritius5
29%

Score Distribution

Percentile by Number Answered

Percent of People with Each Score

Your Score History

You have not taken this quiz since the last reset